[Event "9. Lichtenberger Sommer"]
[Site "Berlin"]
[Date "2010.08.10"]
[Round "4.96"]
[White "Becker, Uwe"]
[Black "Pillath, Marcus"]
[Result "1-0"]
[WhiteElo "1801"]
[BlackElo "1728"]
[PlyCount "99"]
[EventDate "2010.??.??"]
[WhiteTeam "SV Glück auf Rüdersdorf e.V."]
[BlackTeam "SGem Vaihingen-Rohr"]

1. Nf3 Nf6 2. e3 d5 3. d4 Bf5 4. c4 e6 5. Nc3 h6 6. Bd3 Bxd3 7. Qxd3 dxc4 8.
Qxc4 c6 9. a3 Be7 10. O-O Nbd7 11. b4 a6 12. Bb2 O-O 13. Rac1 Nb6 14. Qe2 Rc8
15. Ne5 Bd6 16. Rfd1 Nbd5 17. Na4 Nb6 18. Nc5 Qc7 19. h3 Rfd8 20. Ng4 Nxg4 21.
Qxg4 Bf8 22. Rc2 Nd5 23. Rdc1 Nf6 24. Qf3 Bxc5 25. bxc5 Rd7 26. Qe2 Rcd8 27. g3
Rd5 28. Qe1 Rg5 29. f4 Rg6 30. Rg2 h5 31. Bc3 Ne4 32. Ba5 Qd7 33. Bxd8 Qxd8 34.
Kh2 f5 35. Rb1 Qd7 36. Rb6 h4 37. g4 fxg4 38. Rxg4 Rxg4 39. hxg4 Ng3 40. Qb1
Qd5 41. Rxb7 Ne4 42. Qb3 Nf2 43. Qxd5 Nxg4+ 44. Kh3 Nf2+ 45. Kxh4 exd5 46. Rb6
Nd1 47. Rxc6 Nxe3 48. Kg5 Nc2 49. Rxa6 Nxd4 50. Kg6 1-0

[Event "9. Lichtenberger Sommer"]
[Site "Berlin"]
[Date "2010.08.10"]
[Round "4.97"]
[White "Wierzbicki, Jirawat"]
[Black "Werninghaus, Klaus Peter"]
[Result "0-1"]
[WhiteElo "1419"]
[BlackElo "1636"]
[PlyCount "122"]
[EventDate "2010.??.??"]
[WhiteTeam "SG Grün-Weiß Baumschulenweg e.V."]
[BlackTeam "Dortmunder Schachverein 1875"]

1. e4 c6 2. d4 d5 3. Nc3 dxe4 4. Nxe4 Bf5 5. Ng3 Bg6 6. h4 h6 7. h5 Bh7 8. Nf3
Nd7 9. Bc4 e6 10. Bf4 Ngf6 11. Qe2 Nd5 12. Bxd5 cxd5 13. O-O Qb6 14. Rab1 Bd6
15. Bxd6 Qxd6 16. Nh4 O-O 17. Nf3 Rac8 18. Rfc1 Rfe8 19. Qd2 e5 20. dxe5 Nxe5
21. Nxe5 Rxe5 22. Ra1 Qc6 23. c3 Qe6 24. Re1 Re8 25. Rxe5 Qxe5 26. Rd1 Rd8 27.
Qd4 Qxd4 28. Rxd4 Kf8 29. c4 Ke7 30. cxd5 Kd6 31. b4 b5 32. f4 Rc8 33. f5 Rc4
34. Ne4+ Ke5 35. Rxc4 bxc4 36. d6 Bxf5 37. Nc3 Kxd6 38. a4 a6 39. Kf2 g5 40.
Ke3 Ke5 41. b5 axb5 42. Nxb5 Bd7 43. Nc3 f5 44. a5 Bc6 45. a6 f4+ 46. Kf2 Kd4
47. Ne2+ Kd3 48. Nc1+ Kd2 49. Na2 c3 50. Nxc3 Kxc3 51. Kf1 g4 52. Kf2 Kd2 53.
a7 g3+ 54. Kg1 Ke2 55. a8=Q Bxa8 56. Kh1 f3 57. gxf3 Bxf3+ 58. Kg1 g2 59. Kh2
Kf2 60. Kh3 g1=Q 61. Kh4 Qg4# 0-1

[Event "9. Lichtenberger Sommer"]
[Site "Berlin"]
[Date "2010.08.10"]
[Round "4.98"]
[White "Jiranek, Benno"]
[Black "Enis, Arpaci"]
[Result "0-1"]
[WhiteElo "1399"]
[BlackElo "1400"]
[PlyCount "62"]
[EventDate "2010.??.??"]
[WhiteTeam "SC Kreuzberg e.V."]
[BlackTeam "vereinslos"]

1. d4 g6 2. e4 d6 3. Nc3 Bg7 4. Nf3 Nc6 5. Be2 Bg4 6. Be3 e5 7. dxe5 Bxf3 8.
Bxf3 Nxe5 9. Be2 Nf6 10. f4 Ned7 11. Bf3 O-O 12. O-O Re8 13. Qe2 Re7 14. Rab1
c6 15. Qf2 a6 16. Na4 Nxe4 17. Bxe4 Rxe4 18. Nc3 Re7 19. Rbe1 c5 20. Qf3 Nb6
21. f5 Rd7 22. fxg6 fxg6 23. Nd5 Nxd5 24. Qxd5+ Kh8 25. Bg5 Qg8 26. Qf3 Rf8 27.
Qg4 Rxf1+ 28. Rxf1 Rf7 29. Re1 Qf8 30. Bh4 Bd4+ 31. Bf2 Bxf2+ 0-1

[Event "9. Lichtenberger Sommer"]
[Site "Berlin"]
[Date "2010.08.10"]
[Round "4.99"]
[White "Schacht, Thomas"]
[Black "Brylski, Nils"]
[Result "0-1"]
[WhiteElo "1699"]
[BlackElo "1396"]
[PlyCount "145"]
[EventDate "2010.??.??"]
[WhiteTeam "BSV 63 Chemie Weißensee"]
[BlackTeam "Peiner SV"]

1. e4 e5 2. Nf3 Nc6 3. Bb5 Nf6 4. O-O Nd4 5. Ba4 Nxf3+ 6. Qxf3 Bc5 7. c3 O-O 8.
b4 Be7 9. a3 d5 10. d3 Bg4 11. Qe3 dxe4 12. dxe4 Qd6 13. Nd2 Rad8 14. Bc2 b6
15. Nc4 Qe6 16. Bb3 c5 17. f3 Bh5 18. Bb2 h6 19. Rad1 Nh7 20. Nd2 Qd6 21. Nc4
Qc7 22. Qf2 Nf6 23. Rxd8 Rxd8 24. Qg3 Bd6 25. Bc1 Bg6 26. Nxd6 Rxd6 27. Qxg6 c4
28. Bxc4 Qxc4 29. Qg3 Qxc3 30. Qf2 Qb3 31. Qe2 Qd3 32. Qxd3 Rxd3 33. Kf2 Ne8
34. Ke2 Rd8 35. Bb2 f6 36. Rc1 Rd7 37. Rc8 Kf7 38. g4 Rc7 39. Rxc7+ Nxc7 40. h4
Ne6 41. Kd3 b5 42. Kc3 Nd4 43. f4 Ne2+ 44. Kd2 Nxf4 45. g5 hxg5 46. hxg5 Kg6
47. gxf6 gxf6 48. Ke3 Kg5 49. Kf3 Kg6 50. Bc1 Ne6 51. Bd2 Nd4+ 52. Kf2 a6 53.
Bc3 Nc6 54. Kf3 f5 55. exf5+ Kxf5 56. Ke3 Ne7 57. Bd2 Nd5+ 58. Kd3 Nf4+ 59. Kc3
Ke4 60. Kb3 Kd3 61. Bc1 Ng2 62. a4 e4 63. axb5 axb5 64. Bg5 e3 65. Bxe3 Nxe3
66. Kb2 Kc4 67. Ka3 Nc2+ 68. Ka2 Kxb4 69. Kb2 Ne3 70. Kb1 Kb3 71. Ka1 Kc2 72.
Ka2 b4 73. Ka1 0-1

[Event "9. Lichtenberger Sommer"]
[Site "Berlin"]
[Date "2010.08.10"]
[Round "4.100"]
[White "Trotzke, Johannes"]
[Black "Bensch, Wolfgang"]
[Result "1/2-1/2"]
[WhiteElo "1234"]
[BlackElo "1694"]
[PlyCount "61"]
[EventDate "2010.??.??"]
[WhiteTeam "KSC Strausberg Abt. Schach"]
[BlackTeam "SC Eintracht Berlin e.V."]

1. e4 e5 2. Nf3 Nc6 3. d4 exd4 4. Nxd4 g6 5. Bc4 Bg7 6. Be3 a6 7. O-O d6 8. Nc3
Nf6 9. Nxc6 bxc6 10. Qf3 Bd7 11. h3 O-O 12. Bg5 Re8 13. Rad1 h6 14. Bf4 g5 15.
Bg3 Be6 16. Bxe6 Rxe6 17. e5 Nd5 18. Nxd5 cxd5 19. Qxd5 Bxe5 20. Rfe1 Rb8 21.
Bxe5 Rb5 22. Qd4 Qe8 23. f4 dxe5 24. fxe5 Rbxe5 25. Rxe5 Rxe5 26. Qc3 Qe7 27.
b3 Kg7 28. Re1 f6 29. Rxe5 Qxe5 30. Qc4 Qd6 31. Qc3 1/2-1/2

[Event "9. Lichtenberger Sommer"]
[Site "Berlin"]
[Date "2010.08.10"]
[Round "4.101"]
[White "Stiewe, Frank"]
[Black "Blasig, Thomas"]
[Result "1-0"]
[WhiteElo "1379"]
[BlackElo "1109"]
[PlyCount "65"]
[EventDate "2010.??.??"]
[WhiteTeam "vereinslos"]
[BlackTeam "SC Kreuzberg e.V."]

1. e4 d5 2. exd5 Qxd5 3. Nf3 Nf6 4. Nc3 Qd6 5. Bc4 Ng4 6. d3 a6 7. O-O b5 8.
Ne4 Qb6 9. Bb3 h6 10. a3 Nd7 11. Nh4 Ndf6 12. Qf3 Bb7 13. Nxf6+ Nxf6 14. Qe2 e6
15. Be3 Qc6 16. Nf3 g5 17. Ne1 O-O-O 18. h3 Rg8 19. f3 Nd5 20. Bd2 Bc5+ 21. Kh1
f5 22. c3 Nf4 23. Bxf4 gxf4 24. Bxe6+ Kb8 25. Bxg8 Rxg8 26. d4 Re8 27. Qd3 Be7
28. Qxf5 Bg5 29. Nd3 Bc8 30. Qf7 Be6 31. Qh5 Bf5 32. Ne5 Qf6 33. Qxe8+ 1-0

[Event "9. Lichtenberger Sommer"]
[Site "Berlin"]
[Date "2010.08.10"]
[Round "4.102"]
[White "Lippianowski, Stefan"]
[Black "Kornijenko, Alexander"]
[Result "0-1"]
[WhiteElo "1301"]
[BlackElo "1366"]
[PlyCount "76"]
[EventDate "2010.??.??"]
[WhiteTeam "Treptower SV 1949 e.V."]
[BlackTeam "vereinslos"]

1. e4 e5 2. Nf3 Nc6 3. Bc4 Nf6 4. Nc3 Bc5 5. O-O O-O 6. Nd5 Nxe4 7. Ne3 d6 8.
Bd5 Nf6 9. d3 h6 10. h3 Re8 11. Be4 d5 12. Nxd5 Nxd5 13. c4 Nf6 14. Bxc6 bxc6
15. Re1 Qd6 16. Be3 Bxe3 17. Rxe3 Bf5 18. Nh4 Bh7 19. Qd2 Rad8 20. Nf3 e4 21.
dxe4 Qxd2 22. Nxd2 Rxd2 23. e5 Nd7 24. Rae1 Rxb2 25. e6 fxe6 26. Rxe6 Rxe6 27.
Rxe6 Rxa2 28. Re8+ Kf7 29. Rc8 Ne5 30. Rxc7+ Kf6 31. c5 Be4 32. Rc8 Nd3 33.
Rf8+ Ke7 34. Rg8 Kf7 35. Rb8 Rxf2 36. g4 Rg2+ 37. Kf1 Nxc5 38. Rb1 Bxb1 0-1

[Event "9. Lichtenberger Sommer 2010"]
[Site "Berlin"]
[Date "2010.08.11"]
[Round "5.1"]
[White "Figura, Atila Gajo"]
[Black "Stern, René"]
[Result "0-1"]
[WhiteElo "2403"]
[BlackElo "2490"]
[PlyCount "166"]
[EventDate "2010.??.??"]
[WhiteTeam "SC Kreuzberg e.V."]
[BlackTeam "SK König Tegel 1949 e.V."]

1. d4 d5 2. c4 e6 3. Nc3 Nf6 4. cxd5 exd5 5. Bg5 c6 6. e3 Be7 7. Bd3 O-O 8. Qc2
Nbd7 9. Nge2 Re8 10. O-O Nf8 11. f3 Ng6 12. Rae1 h6 13. Bxf6 Bxf6 14. Bxg6 fxg6
15. Qd2 Be6 16. Nf4 Bf7 17. Nd3 g5 18. b4 Rc8 19. Nc5 b6 20. Nb3 Rc7 21. Kh1
Rce7 22. a4 Qd6 23. Nd1 Re6 24. Nf2 Bg6 25. Nc1 Qe7 26. Nd1 Ra8 27. Nb2 a5 28.
bxa5 Rxa5 29. Ncd3 Bxd3 30. Qxd3 c5 31. Qd2 Kh8 32. h3 Ra7 33. Qc3 Rc7 34. Qd2
Rc8 35. dxc5 Rxc5 36. Nd1 Qe8 37. f4 Qxa4 38. fxg5 hxg5 39. Qe2 Qe8 40. Qf3 d4
41. e4 Be5 42. Nf2 Rf6 43. Qe2 Bg3 44. Rd1 Bxf2 45. Rxf2 d3 46. Rxd3 Rc1+ 47.
Kh2 Qe5+ 48. g3 Rxf2+ 49. Qxf2 Qxe4 50. Qf3 Rc2+ 51. Kg1 Qe1+ 52. Qf1 Qxf1+ 53.
Kxf1 Kh7 54. Rb3 Rc6 55. Rb5 Rg6 56. Ke2 Kg8 57. Kf3 g4+ 58. hxg4 Kf7 59. g5
Re6 60. Kg4 g6 61. Kf4 Ke7 62. Rd5 Rd6 63. Rb5 Re6 64. Rd5 Rd6 65. Rb5 Kd7 66.
Ke5 Rc6 67. Rb1 Kc7 68. Rb2 Kb7 69. Rb1 Ka7 70. Ra1+ Kb8 71. Rb1 Kb7 72. Rb2
Ka6 73. Ra2+ Kb5 74. Rb2+ Ka4 75. Ra2+ Kb4 76. Rf2 b5 77. Rf6 Kc5 78. Rf1 b4
79. Rb1 Kb5 80. g4 Ra6 81. Kd5 Ra3 82. Rf1 b3 83. Rf8 Ra6 0-1

[Event "9. Lichtenberger Sommer 2010"]
[Site "Berlin"]
[Date "2010.08.11"]
[Round "5.2"]
[White "Braun, Arik"]
[Black "Richter, Michael"]
[Result "1/2-1/2"]
[WhiteElo "2527"]
[BlackElo "2428"]
[PlyCount "24"]
[EventDate "2010.??.??"]
[WhiteTeam "SC Eppingen"]
[BlackTeam "Schachpinguine Berlin e.V."]

1. d4 d5 2. c4 dxc4 3. Nf3 a6 4. e3 b5 5. a4 Bb7 6. b3 e6 7. bxc4 bxc4 8. Bxc4
Nf6 9. Qb3 Bxf3 10. gxf3 c5 11. dxc5 Bxc5 12. O-O O-O 1/2-1/2

[Event "9. Lichtenberger Sommer 2010"]
[Site "Berlin"]
[Date "2010.08.11"]
[Round "5.3"]
[White "Rabiega, Robert"]
[Black "Höckendorf, Hartmut"]
[Result "1-0"]
[WhiteElo "2508"]
[BlackElo "2232"]
[PlyCount "49"]
[EventDate "2010.??.??"]
[WhiteTeam "SK König Tegel 1949 e.V."]
[BlackTeam "BSG Pneumant Fürstenwalde e.V."]

1. e4 c5 2. c3 d6 3. d4 Nf6 4. Bd3 g6 5. Nf3 Bg7 6. O-O O-O 7. h3 Nc6 8. Re1 e5
9. dxe5 dxe5 10. a4 Qc7 11. Na3 b6 12. Bb5 Bb7 13. Nc4 Rad8 14. Qb3 Ne7 15.
Ncxe5 Bxe4 16. Bg5 Bd5 17. Bc4 Bxc4 18. Qxc4 Nc6 19. Ng4 Qd6 20. Nh6+ Bxh6 21.
Bxh6 Rfe8 22. Ng5 Qd5 23. Qf4 Nh5 24. Qc7 Na5 25. Red1 1-0

[Event "9. Lichtenberger Sommer 2010"]
[Site "Berlin"]
[Date "2010.08.11"]
[Round "5.4"]
[White "Brustkern, Jürgen"]
[Black "Brüdigam, Martin"]
[Result "1/2-1/2"]
[WhiteElo "2266"]
[BlackElo "2318"]
[PlyCount "38"]
[EventDate "2010.??.??"]
[WhiteTeam "SK Zehlendorf e.V."]
[BlackTeam "Sfrd. Berlin 1903 e.V."]

1. d4 d5 2. c4 dxc4 3. Nf3 Nf6 4. Nc3 c6 5. a4 Bf5 6. Ne5 Nbd7 7. Nxc4 Qc7 8.
g3 e5 9. dxe5 Nxe5 10. Bf4 Nfd7 11. Bg2 O-O-O 12. O-O Be6 13. Nxe5 Nxe5 14. Qc2
f6 15. Rfc1 Bc5 16. Nb5 Qb6 17. Qxc5 Rd1+ 18. Rxd1 Qxc5 19. b4 Qe7 1/2-1/2

[Event "9. Lichtenberger Sommer 2010"]
[Site "Berlin"]
[Date "2010.08.11"]
[Round "5.5"]
[White "Postler, Reinhard"]
[Black "Magnussen, Helge"]
[Result "1-0"]
[WhiteElo "2327"]
[BlackElo "2119"]
[PlyCount "113"]
[EventDate "2010.??.??"]
[WhiteTeam "TSG Oberschöneweide e.V."]
[BlackTeam "Elmshorner SC von 1896"]

1. e4 e6 2. d4 d5 3. Nd2 Nc6 4. Ngf3 Nf6 5. e5 Nd7 6. Bb5 a6 7. Bxc6 bxc6 8. c4
c5 9. cxd5 exd5 10. O-O Be7 11. dxc5 Nxc5 12. Nd4 Qd7 13. Qc2 Bb7 14. b4 Ne6
15. N2f3 O-O 16. Rb1 Rfc8 17. Be3 Nxd4 18. Bxd4 a5 19. Bc5 axb4 20. Rxb4 Ba6
21. Rd1 Qc6 22. Rc1 Bxc5 23. Qxc5 Qxc5 24. Rxc5 Bc4 25. a4 Rcb8 26. Rxb8+ Rxb8
27. h4 h6 28. Rxc7 Ra8 29. Nd4 Rxa4 30. e6 fxe6 31. Nxe6 d4 32. Nxd4 Bf7 33.
Rd7 Ra1+ 34. Kh2 Rd1 35. Kg3 Rd2 36. Kf3 Bg6 37. Ke3 Rd3+ 38. Ke2 Ra3 39. Ne6
Ra2+ 40. Kf3 Ra3+ 41. Kf4 Ra4+ 42. Kg3 Bf5 43. Rxg7+ Kh8 44. Re7 Rg4+ 45. Kf3
Rxh4 46. Nf4 Rh1 47. g4 Bc2 48. Nh5 Kg8 49. Kf4 Ra1 50. Re6 Kh7 51. Rc6 Ra4+
52. Ke5 Ra5+ 53. Kf6 Bd1 54. Rc7+ Kg8 55. Kg6 Bxg4 56. Nf6+ Kf8 57. Rf7# 1-0

[Event "9. Lichtenberger Sommer 2010"]
[Site "Berlin"]
[Date "2010.08.11"]
[Round "5.6"]
[White "Niehaus, Frank"]
[Black "Schmid, Thomas"]
[Result "1-0"]
[WhiteElo "2201"]
[BlackElo "2268"]
[PlyCount "50"]
[EventDate "2010.??.??"]
[WhiteTeam "SK König Tegel 1949 e.V."]
[BlackTeam "Lübecker SV von 1873"]

1. e4 d5 2. exd5 Qxd5 3. Nc3 Qd6 4. d4 Nf6 5. Nf3 a6 6. g3 Bg4 7. Bg2 Nc6 8.
O-O O-O-O 9. d5 Ne5 10. Bf4 Nxf3+ 11. Bxf3 Bxf3 12. Qxf3 e5 13. dxe6 Qxe6 14.
Rfe1 Qf5 15. Re5 Qxc2 16. Rc1 Qd3 17. Re3 Qd7 18. Na4 Kb8 19. Bxc7+ Qxc7 20.
Rxc7 Kxc7 21. Rb3 b5 22. Rc3+ Kb8 23. Nb6 Ka7 24. Qc6 Bd6 25. Ra3 Bxa3 1-0

[Event "9. Lichtenberger Sommer 2010"]
[Site "Berlin"]
[Date "2010.08.11"]
[Round "5.7"]
[White "Reichenbach, Werner"]
[Black "Dauth, Benjamin"]
[Result "1/2-1/2"]
[WhiteElo "2269"]
[BlackElo "2291"]
[PlyCount "129"]
[EventDate "2010.??.??"]
[WhiteTeam "SK Zehlendorf e.V."]
[BlackTeam "SC Rotation Pankow e.V."]

1. e4 c6 2. d4 d5 3. f3 e6 4. Nc3 Bb4 5. Qd3 b6 6. Nge2 Ba6 7. Qe3 dxe4 8. fxe4
Ne7 9. a3 Bd6 10. e5 Bc7 11. Ng3 Bxf1 12. Rxf1 Nd7 13. Nce4 c5 14. Nh5 Rg8 15.
Qf2 Nf5 16. g4 Qh4 17. Qxh4 Nxh4 18. c3 h6 19. Ke2 Ng6 20. Be3 Ne7 21. Rf2 cxd4
22. cxd4 Nd5 23. Raf1 g6 24. Nhg3 Nxe3 25. Kxe3 Rf8 26. Rc2 Bb8 27. Rc8+ Ke7
28. Rxf8 Nxf8 29. Rc1 Nd7 30. Rc8 b5 31. Nc5 Nb6 32. Rc6 Nd5+ 33. Kd3 Bc7 34.
Nge4 Rd8 35. Ke2 Bb6 36. Kd3 Nf4+ 37. Ke3 Nd5+ 38. Kf3 Nc7 39. Nd6 Rb8 40. Ke4
Rh8 41. h4 Rb8 42. Rxc7+ Bxc7 43. Na6 f5+ 44. gxf5 gxf5+ 45. Ke3 Rg8 46. Nxc7
Rg3+ 47. Kf2 Rb3 48. d5 Rxb2+ 49. Kf3 exd5 50. Nxd5+ Kd7 51. Nxf5 Rb3+ 52. Ke4
Rxa3 53. Nf6+ Ke6 54. Nd4+ Kf7 55. Nd5 Ra1 56. Nxb5 Re1+ 57. Kf5 Rf1+ 58. Nf4
a5 59. Ke4 a4 60. h5 Rb1 61. Nd6+ Ke7 62. Nc4 Rc1 63. Kd4 Rd1+ 64. Ke4 Rc1 65.
Kd4 1/2-1/2

[Event "9. Lichtenberger Sommer 2010"]
[Site "Berlin"]
[Date "2010.08.11"]
[Round "5.8"]
[White "Von Herman, Ulf"]
[Black "Rohde, Wolfgang"]
[Result "1/2-1/2"]
[WhiteElo "2400"]
[BlackElo "2166"]
[PlyCount "74"]
[EventDate "2010.??.??"]
[WhiteTeam "SK König Tegel 1949 e.V."]
[BlackTeam "SC Friesen Lichtenberg e.V."]

1. d4 Nf6 2. c4 c5 3. d5 b5 4. cxb5 a6 5. bxa6 Bxa6 6. Nc3 d6 7. e4 Bxf1 8.
Kxf1 g6 9. g4 h5 10. g5 Ng4 11. f4 Bg7 12. h3 Qa5 13. hxg4 Bxc3 14. bxc3 Qxc3
15. Bd2 Qd4 16. Qe1 hxg4 17. Rxh8+ Qxh8 18. a4 Qd4 19. a5 Na6 20. Rb1 Qd3+ 21.
Kg2 c4 22. Rb6 Nc5 23. Qe2 Nxe4 24. Qxd3 cxd3 25. Rb2 Kd7 26. Kf1 Nxd2+ 27.
Rxd2 Rxa5 28. Rxd3 e6 29. Kf2 Ra2+ 30. Ne2 exd5 31. Ke3 f6 32. Rxd5 Ke6 33. Rb5
Ra3+ 34. Kf2 Rd3 35. gxf6 Kxf6 36. Ke1 d5 37. Rb6+ Kf5 1/2-1/2

[Event "9. Lichtenberger Sommer 2010"]
[Site "Berlin"]
[Date "2010.08.11"]
[Round "5.9"]
[White "Elsing, Jan"]
[Black "Köpke, Christian"]
[Result "0-1"]
[WhiteElo "2140"]
[BlackElo "2381"]
[PlyCount "90"]
[EventDate "2010.??.??"]
[WhiteTeam "SC Friesen Lichtenberg e.V."]
[BlackTeam "SC Tarrasch 45 München"]

1. e4 c5 2. Nc3 g6 3. g3 Bg7 4. Bg2 Nc6 5. d3 d6 6. Be3 Rb8 7. Qd2 b5 8. a3 a5
9. f4 b4 10. axb4 axb4 11. Nd1 Qb6 12. Nf3 f5 13. Rb1 Nf6 14. Nf2 O-O 15. O-O
Nd4 16. Bxd4 cxd4 17. b3 e6 18. Kh1 Bd7 19. Ra1 Bc6 20. Rfe1 Rbe8 21. Nh4 Nd7
22. Re2 e5 23. fxe5 dxe5 24. exf5 Bxg2+ 25. Nxg2 gxf5 26. Ra4 Rb8 27. Qg5 Nc5
28. Ra2 Kh8 29. Nh4 Qb7+ 30. Kg1 Qf7 31. Qc1 Qd5 32. Qg5 Qd7 33. Qc1 Rb6 34.
Ra5 Qc7 35. Qe1 Nd7 36. Ra4 Qb7 37. Nh3 Nc5 38. Ra5 Qc7 39. Rf2 f4 40. gxf4 Rh6
41. Qxb4 Nxd3 42. cxd3 Qc1+ 43. Rf1 Qe3+ 44. Nf2 Rxh4 45. Re1 Qxf4 0-1

[Event "9. Lichtenberger Sommer 2010"]
[Site "Berlin"]
[Date "2010.08.11"]
[Round "5.10"]
[White "Muse, Drazen"]
[Black "Hüttemann, Ralf"]
[Result "1-0"]
[WhiteElo "2378"]
[BlackElo "2068"]
[PlyCount "125"]
[EventDate "2010.??.??"]
[WhiteTeam "SK König Tegel 1949 e.V."]
[BlackTeam "Schachfreunde Battenberg"]

1. Nf3 d6 2. d4 Nf6 3. c4 g6 4. Nc3 Bg7 5. e4 O-O 6. Be2 Nbd7 7. O-O e5 8. Re1
c6 9. Bf1 Qe7 10. Rb1 Nh5 11. b3 Rd8 12. g3 Nf8 13. h3 Qc7 14. d5 c5 15. b4
cxb4 16. Nb5 Qe7 17. Rxb4 b6 18. a4 Bd7 19. Nc3 Be8 20. Bd2 Nd7 21. a5 bxa5 22.
Rb5 a4 23. Rb7 Rdb8 24. Rxb8 Rxb8 25. Nxa4 Nb6 26. Nc3 Qc7 27. Nb5 Bxb5 28.
cxb5 Nf6 29. Be3 Nfd7 30. Nd2 Rc8 31. Qb3 h5 32. Qa2 Kh7 33. Nb3 Bh6 34. Rc1
Qb8 35. Bxh6 Kxh6 36. Rc6 Rxc6 37. bxc6 Nf6 38. Nd2 Ne8 39. Qa6 Kg7 40. Qb7 Qc7
41. Qa6 Kf8 42. Nb1 Qb8 43. Nc3 Nc7 44. Qa3 Ke7 45. g4 hxg4 46. hxg4 f5 47. f4
exf4 48. e5 Nc8 49. gxf5 gxf5 50. Bh3 Qb6+ 51. Kf1 Qe3 52. Bxf5 Qf3+ 53. Ke1
Qh1+ 54. Kd2 Nxd5 55. Bxc8 Qh2+ 56. Ne2 Qh6 57. Qxa7+ Kf8 58. Nd4 f3+ 59. Kc2
Nb4+ 60. Kb3 Qe3+ 61. Kxb4 Qd2+ 62. Kc4 Qc1+ 63. Kd5 1-0

[Event "9. Lichtenberger Sommer 2010"]
[Site "Berlin"]
[Date "2010.08.11"]
[Round "5.11"]
[White "Petersen, Soren Boeck"]
[Black "Krefenstein, Sergej"]
[Result "1-0"]
[WhiteElo "2262"]
[BlackElo "2045"]
[PlyCount "105"]
[EventDate "2010.??.??"]
[WhiteTeam "Damhus Skakklub"]
[BlackTeam "vereinslos"]

1. e4 e5 2. Nf3 Nc6 3. d4 exd4 4. Nxd4 Bc5 5. Nxc6 Qf6 6. Qd2 dxc6 7. Nc3 Ne7
8. Qf4 Bd4 9. Qxf6 Bxf6 10. Bd2 Be6 11. O-O-O O-O-O 12. Be2 Bd4 13. f4 f5 14.
Bf3 fxe4 15. Nxe4 h6 16. Rhe1 Bd5 17. Bb4 c5 18. Rxd4 cxb4 19. Bg4+ Kb8 20.
Red1 b6 21. Be6 c6 22. c4 bxc3 23. Nxc3 Rd6 24. Bxd5 Nxd5 25. Nxd5 cxd5 26.
Rxd5 Rc8+ 27. Kb1 Re6 28. a3 Rc4 29. g3 Re2 30. R1d2 Re7 31. Rd7 Rc7 32. Rxe7
Rxe7 33. Kc2 Kc7 34. Kd1 Kc6 35. Re2 Rd7+ 36. Ke1 Kc5 37. Kf2 Kc4 38. g4 a5 39.
f5 b5 40. h4 b4 41. axb4 axb4 42. Kf3 Kd3 43. Rf2 b3 44. g5 hxg5 45. hxg5 Rc7
46. f6 gxf6 47. gxf6 Kd4 48. Kg4 Rf7 49. Kf5 Ke3 50. Rh2 Kd3 51. Kg6 Rc7 52. f7
Rc2 53. Rh3+ 1-0

[Event "9. Lichtenberger Sommer 2010"]
[Site "Berlin"]
[Date "2010.08.11"]
[Round "5.12"]
[White "Vogel, Robert"]
[Black "Schwarz, Oliver"]
[Result "0-1"]
[WhiteElo "2284"]
[BlackElo "2114"]
[PlyCount "76"]
[EventDate "2010.??.??"]
[WhiteTeam "SGem Pang/Rosenheim"]
[BlackTeam "SV Bad Schwartau von 1930"]

1. d4 d5 2. c4 e6 3. Nf3 Nf6 4. g3 c6 5. Bg2 Nbd7 6. Nbd2 Bd6 7. O-O O-O 8. b3
Re8 9. Bb2 b6 10. Qc2 Bb7 11. e4 dxe4 12. Nxe4 Nxe4 13. Qxe4 Rc8 14. Rad1 Nf6
15. Qc2 Qc7 16. Rd2 Bb4 17. Re2 Be7 18. Rd1 Red8 19. a3 c5 20. d5 exd5 21. Be5
Qd7 22. Ng5 g6 23. cxd5 Ng4 24. Nf3 Bxd5 25. Bb2 Qb7 26. Rxd5 Rxd5 27. Ne5 Nf6
28. Nc4 Qd7 29. Rxe7 Rd1+ 30. Bf1 Rxf1+ 31. Kxf1 Qxe7 32. Qc3 Rc6 33. Ne5 Rd6
34. Nf3 Qe4 35. Kg2 g5 36. h3 h5 37. Kh2 g4 38. Nh4 Rd1 0-1

[Event "9. Lichtenberger Sommer 2010"]
[Site "Berlin"]
[Date "2010.08.11"]
[Round "5.13"]
[White "Rietze, Clemens"]
[Black "Moritz, Aron"]
[Result "1-0"]
[WhiteElo "2231"]
[BlackElo "2027"]
[PlyCount "57"]
[EventDate "2010.??.??"]
[WhiteTeam "USV Potsdam e.V., Abt. Schach"]
[BlackTeam "SV Empor Berlin e.V."]

1. e4 c5 2. Nf3 d6 3. d4 cxd4 4. Nxd4 Nf6 5. Nc3 g6 6. Bc4 Bg7 7. f3 Nc6 8. Be3
Bd7 9. Qd2 h5 10. Bb3 Rc8 11. h3 h4 12. f4 Nh5 13. O-O Ng3 14. Rf3 Rh5 15. Re1
Na5 16. Qd3 Nxb3 17. axb3 f5 18. exf5 Nxf5 19. Nxf5 Bxf5 20. Qd2 Qc7 21. Bf2
Kf8 22. Kh1 Qc6 23. Re2 e6 24. Bd4 Bh6 25. Qe1 g5 26. fxg5 Bg7 27. Rxe6 Rxg5
28. Qxh4 Qxf3 29. gxf3 1-0

[Event "9. Lichtenberger Sommer 2010"]
[Site "Berlin"]
[Date "2010.08.11"]
[Round "5.14"]
[White "Amelang, Thomas"]
[Black "Friedrich, Wiede"]
[Result "0-1"]
[WhiteElo "2153"]
[BlackElo "2183"]
[PlyCount "88"]
[EventDate "2010.??.??"]
[WhiteTeam "SK Siemens München"]
[BlackTeam "USV Potsdam e.V., Abt. Schach"]

1. e4 e6 2. d4 d5 3. exd5 exd5 4. Bd3 c5 5. dxc5 Bxc5 6. Nf3 Nf6 7. h3 O-O 8.
O-O Nc6 9. Bg5 h6 10. Bh4 Qd6 11. Nc3 g5 12. Nxg5 hxg5 13. Bxg5 Nb4 14. Qf3
Nxd3 15. Bxf6 Ne5 16. Qxd5 Qxf6 17. Qxc5 Qg7 18. Kh2 b6 19. Qb4 Bb7 20. f3 Rad8
21. Rf2 Qf6 22. Re1 Rd4 23. Qb5 Nc4 24. Ne4 Bxe4 25. fxe4 Qe5+ 26. Qxe5 Nxe5
27. Re3 Re8 28. c3 Rd1 29. b3 Kf8 30. a4 Rb1 31. c4 Rd1 32. Rc2 Nd3 33. Kg3 Nc5
34. e5 Rd3 35. Rxd3 Nxd3 36. Rc3 Nxe5 37. Kf4 a5 38. g4 Nd7 39. h4 Nc5 40. h5
Kg7 41. Kf5 f6 42. Kf4 Re4+ 43. Kf5 Re1 44. Kf4 Rf1+ 0-1

[Event "9. Lichtenberger Sommer 2010"]
[Site "Berlin"]
[Date "2010.08.11"]
[Round "5.15"]
[White "Kohler, Thomas"]
[Black "Heuser, Philip"]
[Result "1-0"]
[WhiteElo "2246"]
[BlackElo "2108"]
[PlyCount "119"]
[EventDate "2010.??.??"]
[WhiteTeam "SC Zitadelle Spandau 1977 e.V."]
[BlackTeam "SG Heidelberg-Kirchheim"]

1. c4 c5 2. g3 e6 3. Nf3 Nf6 4. Bg2 Nc6 5. O-O b6 6. d4 cxd4 7. Nxd4 Bb7 8. Nb5
d5 9. cxd5 exd5 10. Bf4 Rc8 11. N1c3 a6 12. Nd4 Nxd4 13. Qxd4 Bc5 14. Qe5+ Qe7
15. Rad1 O-O 16. Nxd5 Qxe5 17. Bxe5 Bxd5 18. Bxd5 Rfe8 19. Bxf6 gxf6 20. e3
Rcd8 21. Rd3 Rd6 22. Rfd1 Red8 23. e4 Kg7 24. Kg2 a5 25. f4 Re8 26. Kf3 Re7 27.
a3 Re8 28. Rb1 Rdd8 29. Rc3 f5 30. b4 fxe4+ 31. Bxe4 axb4 32. axb4 Bf8 33. Rc6
Rd4 34. Bf5 Rxb4 35. Rxb4 Bxb4 36. Rxb6 Bc5 37. Rc6 Bb4 38. g4 f6 39. h4 h6 40.
Be6 Re7 41. Ke4 Be1 42. h5 Bd2 43. Kf5 Be3 44. Bc4 Rd7 45. Ke4 Re7+ 46. Be6 Bd2
47. Kf5 Be3 48. Bd5 Bd2 49. Rxf6 Rd7 50. Be6 Ra7 51. Rg6+ Kh7 52. Bg8+ Kh8 53.
Bd5 Kh7 54. Rd6 Ra4 55. Rd7+ Kh8 56. Kg6 Ra6+ 57. Kf7 Ra4 58. Be6 Rxf4+ 59. Bf5
Ba5 60. Rd6 1-0

[Event "9. Lichtenberger Sommer 2010"]
[Site "Berlin"]
[Date "2010.08.11"]
[Round "5.16"]
[White "Fischer, Daniel"]
[Black "Dimitrijeski, Kristian"]
[Result "1-0"]
[WhiteElo "2089"]
[BlackElo "2229"]
[PlyCount "57"]
[EventDate "2010.??.??"]
[WhiteTeam "SK Oberkirch"]
[BlackTeam "SK König Tegel 1949 e.V."]

1. c4 c6 2. g3 d5 3. Bg2 Nf6 4. Nf3 dxc4 5. Qc2 Be6 6. Ng5 Bd5 7. e4 h6 8. Nh3
Be6 9. Nf4 Bc8 10. Qxc4 e5 11. Ne2 Be6 12. Qc3 Na6 13. O-O Nb4 14. d4 Nxa2 15.
Rxa2 Bxa2 16. dxe5 Bxb1 17. exf6 Qxf6 18. e5 Qg6 19. e6 Qc2 20. e7 Bxe7 21.
Qxg7 O-O-O 22. Bf4 Qg6 23. Qc3 Bd3 24. Nd4 Be4 25. Bh3+ Rd7 26. Nxc6 Bxc6 27.
Qxh8+ Bd8 28. Qe5 Bc7 29. Qxc7# 1-0